Introduction to dislocations / (Record no. 1370)

MARC details
000 -LEADER
fixed length control field 00653nam a2200229 4500
003 - CONTROL NUMBER IDENTIFIER
control field OSt
005 - DATE AND TIME OF LATEST TRANSACTION
control field 20150409143831.0
008 - FIXED-LENGTH DATA ELEMENTS--GENERAL INFORMATION
fixed length control field 150409b xxu||||| |||| 00| 0 eng d
020 ## - INTERNATIONAL STANDARD BOOK NUMBER
International Standard Book Number 0750628618
040 ## - CATALOGING SOURCE
Transcribing agency 040a
082 ## - DEWEY DECIMAL CLASSIFICATION NUMBER
Classification number 548
Item number HUL 1984
100 ## - MAIN ENTRY--PERSONAL NAME
Personal name Hull, D
9 (RLIN) 3624
245 ## - TITLE STATEMENT
Title Introduction to dislocations /
Statement of responsibility, etc. D Hull, D. J Bacon
250 ## - EDITION STATEMENT
Edition statement 3rd ed.
260 ## - PUBLICATION, DISTRIBUTION, ETC. (IMPRINT)
Place of publication, distribution, etc. Liverpool
Name of publisher, distributor, etc. Butterworth Heinemann
Date of publication, distribution, etc. 1984
300 ## - PHYSICAL DESCRIPTION
Extent xiii, 257p ;
Other physical details ill :
Dimensions 8 cm.
440 ## - SERIES STATEMENT/ADDED ENTRY--TITLE
Title international series on materials science and technology
9 (RLIN) 3625
504 ## - BIBLIOGRAPHY, ETC. NOTE
Bibliography, etc includes index
650 ## - SUBJECT ADDED ENTRY--TOPICAL TERM
Topical term or geographic name as entry element Dislocations
9 (RLIN) 3626
700 ## - ADDED ENTRY--PERSONAL NAME
Personal name Bacon, D J
9 (RLIN) 3627
942 ## - ADDED ENTRY ELEMENTS (KOHA)
Source of classification or shelving scheme Dewey Decimal Classification
Koha item type Short Loan
Holdings
Withdrawn status Lost status Source of classification or shelving scheme Damaged status Not for loan Home library Current library Date acquired Inventory number Total Checkouts Full call number Barcode Date last seen Price effective from Koha item type
    Dewey Decimal Classification     MUST Main Library MUST Main Library 09/04/2015 2002/17637   548 HUL 1984 2015-0828 09/04/2015 09/04/2015 Short Loan
    Dewey Decimal Classification     MUST Main Library MUST Main Library 09/04/2015 2002/17636   548 HUL 1984 2015-0829 09/04/2015 09/04/2015 Short Loan